| Tag |
First Indicator |
Second Indicator |
Subfields |
| LEADER |
00000cgm a2200000Mi 4500 |
| 001 |
in00005588421 |
| 006 |
m o c |
| 007 |
cr |n||||||||a |
| 007 |
vz |za|z| |
| 008 |
190514s1980 nyu028 e o vueng d |
| 005 |
20241201234624.6 |
| 035 |
|
|
|a (OCoLC)on1112128166
|
| 040 |
|
|
|a ALSTP
|b eng
|e rda
|c ALSTP
|d OCLCO
|d OCLCF
|d OCLCO
|d OCLCL
|d OCLCQ
|d DXU
|
| 019 |
|
|
|a 1373519831
|a 1443989274
|
| 035 |
|
|
|a (OCoLC)1112128166
|z (OCoLC)1373519831
|z (OCoLC)1443989274
|
| 043 |
|
|
|a e-fr---
|
| 049 |
|
|
|a TXAM
|
| 245 |
0 |
0 |
|a Videofashion news.
|n Volume 5, Episode 2,
|p Paris trend report /
|c produced by Videofashion.
|
| 246 |
3 |
0 |
|a Paris trend report
|
| 264 |
|
1 |
|a New York, NY :
|b Videofashion,
|c 1980.
|
| 300 |
|
|
|a 1 online resource (28 minutes)
|
| 306 |
|
|
|a 002720
|
| 336 |
|
|
|a two-dimensional moving image
|b tdi
|2 rdacontent
|
| 337 |
|
|
|a computer
|b c
|2 rdamedia
|
| 337 |
|
|
|a video
|b v
|2 rdamedia
|
| 338 |
|
|
|a online resource
|b cr
|2 rdacarrier
|
| 347 |
|
|
|a video file
|2 rda
|
| 490 |
0 |
|
|a Academic Video Online
|
| 500 |
|
|
|a Title from resource description page (viewed May 15, 2019).
|
| 520 |
|
|
|a This issue of Videofashion News looks at fall/winter trends in Paris.
|
| 546 |
|
|
|a In English.
|
| 650 |
|
0 |
|a Fashion
|z France
|z Paris.
|
| 650 |
|
0 |
|a Fashion design
|z France
|z Paris.
|
| 650 |
|
0 |
|a Fashion designers
|z France
|z Paris.
|
| 650 |
|
0 |
|a Fashion shows
|z France
|z Paris.
|
| 650 |
|
6 |
|a Couturiers (Créateurs de mode)
|z France
|z Paris.
|
| 650 |
|
6 |
|a Présentations de collections (Mode)
|z France
|z Paris.
|
| 650 |
|
7 |
|a Fashion.
|2 fast
|0 (OCoLC)fst00921600
|
| 650 |
|
7 |
|a Fashion design.
|2 fast
|0 (OCoLC)fst01200123
|
| 650 |
|
7 |
|a Fashion designers.
|2 fast
|0 (OCoLC)fst00921628
|
| 650 |
|
7 |
|a Fashion shows.
|2 fast
|0 (OCoLC)fst00921658
|
| 651 |
|
7 |
|a France
|z Paris.
|2 fast
|0 (OCoLC)fst01205283
|1 https://id.oclc.org/worldcat/entity/E39QbtfRkKTXcHQJ477vgbjTxc
|
| 655 |
|
7 |
|a Documentary television programs.
|2 fast
|0 (OCoLC)fst01710387
|
| 655 |
|
7 |
|a Documentary television programs.
|2 lcgft
|
| 655 |
|
7 |
|a Documentaires télévisés.
|2 rvmgf
|
| 700 |
1 |
|
|a Madoff, Jeff,
|e director.
|
| 700 |
1 |
|
|a Cardin, Marlene McGinnis,
|e producer.
|
| 700 |
1 |
|
|a Lange, Henry,
|d 1938-2002,
|e producer.
|1 https://id.oclc.org/worldcat/entity/E39PBJbGXMFCMGQMXqVMB4Y773
|
| 710 |
2 |
|
|a Videofashion Network,
|e production company.
|
| 758 |
|
|
|i has work:
|a Volume 5, Episode 6 Videofashion news Paris report (MovingImage)
|1 https://id.oclc.org/worldcat/entity/E39PCFXmRPbXMvCF4VBByKwjYP
|4 https://id.oclc.org/worldcat/ontology/hasWork
|
| 856 |
4 |
0 |
|u http://proxy.library.tamu.edu/login?url=https://www.aspresolver.com/aspresolver.asp?MARC;3404942
|z Connect to this streaming video (Alexander Street Press)
|t 0
|
| 955 |
|
|
|a Alexander Street Press subscription streaming video
|
| 994 |
|
|
|a 92
|b TXA
|
| 999 |
f |
f |
|s 7aae79e4-a837-46d6-97eb-e5c3903d4888
|i 35f74ac6-7646-4fe4-b920-e24c6ca04e64
|t 0
|
| 952 |
f |
f |
|a Texas A&M University
|b College Station
|c Electronic Resources
|d Available Online
|t 0
|h Library of Congress classification
|
| 998 |
f |
f |
|t 0
|l Available Online
|